| 000 | 00896nam a22002057a 4500 | ||
|---|---|---|---|
| 999 |
_c30743 _d30743 |
||
| 003 | CUTN | ||
| 005 | 20190905145742.0 | ||
| 008 | 190905b ||||| |||| 00| 0 eng d | ||
| 020 | _a9788181524294 | ||
| 041 | _aEnglish | ||
| 082 |
_223 _a546 _bRAM |
||
| 100 | _aRam, Tilak, | ||
| 245 |
_aAdvance Inorganic Chemistry and Reaction Mechanism/ _cTilak Ram. |
||
| 260 |
_aJaipur ; India : _bBook Enclave ; _c2017 . |
||
| 300 |
_a289p, ; _bill., |
||
| 505 |
_t1: Advanced inorganic chemistry _t2: Inorganic compounds in chemistry _t3: Reaction stoichiometry _t4: Kinetic moleculer theory _t5: Atomic force spectroscopy _t6: Advanced organometallic chemistry _t7: Reaction rates and mechanisms _t8: X-rays and crystallization _t9: Inorganic photochemistry reactions _t10: Reaction mechanism in chemical kinetics _tBibliography _tIntex |
||
| 650 | _aChemistry, | ||
| 650 | _aInorganic. | ||
| 942 |
_2ddc _cBOOKS |
||